000 01011cam a22002774a 4500
001 14257300
005 20250222153356.0
008 060206s2007 njuaf b 001 0 eng
020 _a0131723944
020 _a9780131723948
050 0 0 _aRG951
_b.M3145 2007
082 0 0 _a618.2/0231
_222
245 0 0 _aMaternal & child nursing care /
_cMarcia L. London ... [et al.].
250 _a2nd ed.
260 _aUpper Saddle River, N.J. :
_bPearson Prentice Hall,
_cc2007.
300 _axxxviii, 1986 p., [2] fold-out p. of plates :
_bcol. ill. ;
_c29 cm. +
_e1 CD-ROM (4 3/4 in.)
500 _aRev. ed. of: Maternal-newborn and child nursing. c2003.
500 _aIncludes pull-out col. poster.
650 0 _aMaternity nursing.
650 0 _aPediatric nursing.
650 1 2 _aMaternal-Child Nursing
_xmethods.
650 2 2 _aPediatric Nursing
_xmethods.
700 1 _aLondon, Marcia L.
856 4 1 _3Table of contents only
_uhttp://www.loc.gov/catdir/toc/ecip068/2006004208.html
942 _2lcc
_cBK
_e2nd ed.
_n0
999 _c4145
_d4145